000 00823nam a2200229Ia 4500
003 IN-BaIIA
008 211028s9999 xx 000 0 eng d
020 _a90-277-1209-3
040 _cIIA Library
080 _a92:52
_bOOR
245 0 _aOort and the universe
_ba sketch of Oort's research and person
_cedited by Hugo Van Woerden, Willem N. Brouw and Henk C. Van De Hulst
260 _aDordrecht
_bD. Reidel Publishing
_c1980
300 _aviii, 210p.
500 _aDonated by Mrs. Bappu
650 _aAstronomy and Astrophysics Thesaurus
650 _aBiography-Jan Hendrick Oort
650 _aJan Hendrick Oort Biography
700 _aBrouw, Willem N., ed.
_913051
700 _aVan De Hulst, Henk C., ed.
_913052
700 _aVan Woerden, Hugo, ed.
_95345
942 _cBK
999 _c7725
_d7725